Comtes de Toulouse - Statistiques

Statistiques générales
  • Ce quiz a été pris 17 fois
  • Le résultat moyen est 14 sur 30
Statistiques - réponses
Maison/Dynastie Règne Comte % Correct
852-865 Raymond Ier
94%
918-924 Raymond II
94%
924-942 Raymond III
94%
942-961 Raymond IV
94%
1222-1249 Raymond IX
94%
972-978 Raymond V
94%
1094-1105 Raymond VI de Saint-Gilles
94%
1148-1194 Raymond VII
94%
1194-1222 Raymond VIII
94%
Guilhelmides 790-806 Guillaume de Gellone
71%
844-849 Guillaume de Septimanie
71%
987-1037 Guillaume III Taillefer
71%
1060-1094 Guillaume IV
71%
1110-1117 Philippe
47%
1105-1109 Bertrand
29%
1249-1271 Jeanne de Toulouse
29%
1109-1110 Alphonse Jourdain
24%
1117-1148 Alphonse Jourdain
24%
Raimondins 886-918 Eudes
24%
961-972 Hugues
24%
/ (Nommé par Charlemagne) 778-790 Corson
18%
/ (Duc par conquête) 842-843 Acfred
12%
Girardides 806-816 Bégon de Paris
12%
Unrochides 816-835 Bérenger de Toulouse
12%
Raimondins 865-872 Bernard
12%
Guilhelmides 835-844 Bernard de Septimanie
12%
Guilhelmides 872-886 Bernard II Plantevelue
12%
1037-1060 Pons
12%
/ (Duc par conquête) 863-864 Unifred
12%
Raimondins 849-851 Frédolin
0%
Aucun quiz correspondant
Distribution des résultats
% des personnes avec chaque résultat
Percentile par nombre de réponses
Votre historique - résultats
Vous n’avez pas pris ce quiz